000
00274nam a22001217a 4500
005
20230721162218.0
008
230721b ||||| |||| 00| 0 eng d
040
_c
L
041
_a
eng
245
_a
Study on the psychosocial problems
260
_c
2003
942
_2
ddc
_c
BK
999
_c
228058
_d
228058